100km内人口最多的县级行政区(点位地图版) - Statistics

General Stats
  • This quiz has been taken 10 times
  • The average score is 85 of 232
Answers on the Map
Answers color-coded by a green-red scale on the quiz's map according to % correct below.
 
Answer Stats
省级行政区 人口 地级行政区 县级行政区 % Correct
北京市 3452460 (直辖) 朝阳区
78%
天津市 1973752 (直辖) 滨海新区
78%
吉林省 1074628 长春市 朝阳区
78%
内蒙古自治区 150508 呼伦贝尔市 满洲里市
67%
吉林省 686136 延边朝鲜族自治州 延吉市
67%
黑龙江省 54036 大兴安岭地区 漠河市
67%
海南省 853013 海口市 美兰区
67%
海南省 1794 三沙市 西沙区
67%
海南省 639 三沙市 南沙区
67%
西藏自治区 478275 拉萨市 城关区
67%
甘肃省 1484016 兰州市 城关区
67%
内蒙古自治区 921808 通辽市 科尔沁区
56%
内蒙古自治区 365012 呼伦贝尔市 海拉尔区
56%
内蒙古自治区 174023 呼伦贝尔市 鄂伦春自治旗
56%
内蒙古自治区 37007 呼伦贝尔市 新巴尔虎左旗
56%
内蒙古自治区 38358 呼伦贝尔市 新巴尔虎右旗
56%
内蒙古自治区 68482 呼伦贝尔市 额尔古纳市
56%
内蒙古自治区 71437 呼伦贝尔市 根河市
56%
内蒙古自治区 32301 兴安盟 阿尔山市
56%
内蒙古自治区 35756 阿拉善盟 额济纳旗
56%
辽宁省 1335935 沈阳市 铁西区
56%
辽宁省 1798458 大连市 甘井子区
56%
吉林省 509336 通化市 梅河口市
56%
吉林省 58266 白山市 长白朝鲜族自治县
56%
黑龙江省 1390679 哈尔滨市 南岗区
56%
黑龙江省 97329 佳木斯市 抚远市
56%
黑龙江省 195489 牡丹江市 东宁市
56%
黑龙江省 223832 黑河市 爱辉区
56%
黑龙江省 36362 大兴安岭地区 呼玛县
56%
黑龙江省 51056 大兴安岭地区 塔河县
56%
上海市 5681512 (直辖) 浦东新区
56%
海南省 464435 (直辖) 乐东黎族自治县
56%
四川省 411427 攀枝花市 东区
56%
云南省 1602279 昆明市 官渡区
56%
云南省 623772 文山壮族苗族自治州 文山市
56%
云南省 642737 西双版纳傣族自治州 景洪市
56%
云南省 304950 西双版纳傣族自治州 勐腊县
56%
西藏自治区 148511 昌都市 卡若区
56%
西藏自治区 33006 那曲市 尼玛县
56%
西藏自治区 10881 那曲市 双湖县
56%
青海省 489372 西宁市 城东区
56%
新疆维吾尔自治区 782662 喀什地区 喀什市
56%
新疆维吾尔自治区 778047 伊犁哈萨克自治州 伊宁市
56%
河北省 1165000 秦皇岛市 海港区
44%
山西省 1357242 太原市 小店区
44%
山西省 1105699 大同市 平城区
44%
山西省 928334 运城市 盐湖区
44%
内蒙古自治区 885321 呼和浩特市 赛罕区
44%
内蒙古自治区 138676 通辽市 霍林郭勒市
44%
内蒙古自治区 75794 锡林郭勒盟 二连浩特市
44%
内蒙古自治区 349953 锡林郭勒盟 锡林浩特市
44%
辽宁省 1067905 鞍山市 海城市
44%
辽宁省 568566 丹东市 东港市
44%
吉林省 392486 延边朝鲜族自治州 敦化市
44%
黑龙江省 436906 齐齐哈尔市 讷河市
44%
江苏省 1926117 南京市 江宁区
44%
江苏省 1674978 宿迁市 沭阳县
44%
浙江省 2011699 杭州市 萧山区
44%
浙江省 1520386 温州市 瑞安市
44%
安徽省 1874930 合肥市 蜀山区
44%
福建省 1390487 福州市 福清市
44%
福建省 2061551 泉州市 晋江市
44%
江西省 1452502 南昌市 南昌县
44%
江西省 1123276 赣州市 章贡区
44%
山东省 1640000 济南市 历城区
44%
山东省 1903595 青岛市 黄岛区
44%
河南省 2145588 郑州市 金水区
44%
河南省 1247807 南阳市 邓州市
44%
湖北省 2554403 武汉市 洪山区
44%
湖北省 836781 恩施土家族苗族自治州 恩施市
44%
广东省 4476554 深圳市 宝安区
44%
广东省 1503737 茂名市 电白区
44%
广东省 1998619 揭阳市 普宁市
44%
重庆市 1564449 (直辖) 万州区
44%
重庆市 2191493 (直辖) 渝北区
44%
重庆市 607338 (直辖) 酉阳土家族苗族自治县
44%
四川省 2659829 成都市 双流区
44%
四川省 58390 阿坝藏族羌族自治州 马尔康市
44%
四川省 955041 凉山彝族自治州 西昌市
44%
云南省 771128 大理白族自治州 大理市
44%
云南省 186412 迪庆藏族自治州 香格里拉市
44%
西藏自治区 15449 日喀则市 亚东县
44%
西藏自治区 104490 那曲市 色尼区
44%
西藏自治区 12242 阿里地区 普兰县
44%
西藏自治区 31052 阿里地区 噶尔县
44%
西藏自治区 25327 阿里地区 改则县
44%
陕西省 2046737 西安市 雁塔区
44%
甘肃省 137736 酒泉市 玉门市
44%
甘肃省 185231 酒泉市 敦煌市
44%
青海省 141308 玉树藏族自治州 玉树市
44%
青海省 221863 海西蒙古族藏族自治州 格尔木市
44%
青海省 88227 海西蒙古族藏族自治州 德令哈市
44%
青海省 18856 海西蒙古族藏族自治州 茫崖市
44%
宁夏回族自治区 808282 银川市 兴庆区
44%
新疆维吾尔自治区 1011440 乌鲁木齐市 新市区
44%
新疆维吾尔自治区 569388 哈密市 伊州区
44%
新疆维吾尔自治区 69236 巴音郭楞蒙古自治州 且末县
44%
新疆维吾尔自治区 715319 阿克苏地区 阿克苏市
44%
新疆维吾尔自治区 328241 (直辖) 阿拉尔市
44%
河北省 1095986 保定市 定州市
33%
河北省 422753 张家口市 桥东区
33%
河北省 423676 承德市 围场满族蒙古族自治县
33%
山西省 959198 临汾市 尧都区
33%
内蒙古自治区 787681 包头市 昆都仑区
33%
内蒙古自治区 339155 乌海市 海勃湾区
33%
内蒙古自治区 706312 赤峰市 松山区
33%
内蒙古自治区 359184 鄂尔多斯市 准格尔旗
33%
内蒙古自治区 582206 巴彦淖尔市 临河区
33%
内蒙古自治区 425059 乌兰察布市 集宁区
33%
黑龙江省 402345 鸡西市 鸡冠区
33%
黑龙江省 592603 大庆市 让胡路区
33%
黑龙江省 414090 佳木斯市 富锦市
33%
安徽省 1658442 阜阳市 临泉县
33%
安徽省 1766285 宿州市 埇桥区
33%
江西省 710620 九江市 修水县
33%
山东省 1574648 枣庄市 滕州市
33%
山东省 1164730 威海市 环翠区
33%
山东省 1940000 临沂市 兰山区
33%
山东省 980018 德州市 德城区
33%
山东省 1600000 菏泽市 牡丹区
33%
湖北省 601548 十堰市 茅箭区
33%
湖南省 1526641 长沙市 岳麓区
33%
湖南省 1140675 衡阳市 耒阳市
33%
湖南省 1196538 娄底市 新化县
33%
广西壮族自治区 1643819 南宁市 西乡塘区
33%
广西壮族自治区 1511011 贵港市 桂平市
33%
广西壮族自治区 489163 百色市 靖西市
33%
四川省 938157 宜宾市 叙州区
33%
四川省 80467 阿坝藏族羌族自治州 阿坝县
33%
四川省 67293 甘孜藏族自治州 理塘县
33%
贵州省 1056819 贵阳市 云岩区
33%
贵州省 971337 遵义市 红花岗区
33%
贵州省 709057 黔东南苗族侗族自治州 凯里市
33%
云南省 903081 保山市 隆阳区
33%
云南省 441455 普洱市 澜沧拉祜族自治县
33%
云南省 389180 临沧市 云县
33%
云南省 631530 楚雄彝族自治州 楚雄市
33%
云南省 771948 文山壮族苗族自治州 广南县
33%
云南省 54736 迪庆藏族自治州 德钦县
33%
西藏自治区 158290 日喀则市 桑珠孜区
33%
西藏自治区 58173 日喀则市 定日县
33%
西藏自治区 26897 日喀则市 仲巴县
33%
西藏自治区 17536 日喀则市 吉隆县
33%
西藏自治区 17009 日喀则市 聂拉木县
33%
西藏自治区 92800 昌都市 江达县
33%
西藏自治区 79001 昌都市 芒康县
33%
西藏自治区 84254 林芝市 巴宜区
33%
西藏自治区 28237 林芝市 察隅县
33%
西藏自治区 21768 那曲市 申扎县
33%
西藏自治区 8454 阿里地区 札达县
33%
西藏自治区 11167 阿里地区 日土县
33%
陕西省 640951 延安市 宝塔区
33%
陕西省 967639 榆林市 榆阳区
33%
甘肃省 656689 天水市 秦州区
33%
甘肃省 885277 武威市 凉州区
33%
甘肃省 519096 张掖市 甘州区
33%
甘肃省 455611 酒泉市 肃州区
33%
甘肃省 513856 庆阳市 西峰区
33%
宁夏回族自治区 399796 中卫市 沙坡头区
33%
新疆维吾尔自治区 317443 吐鲁番市 高昌区
33%
新疆维吾尔自治区 246706 博尔塔拉蒙古自治州 博乐市
33%
新疆维吾尔自治区 779352 巴音郭楞蒙古自治州 库尔勒市
33%
新疆维吾尔自治区 137327 巴音郭楞蒙古自治州 轮台县
33%
新疆维吾尔自治区 43045 巴音郭楞蒙古自治州 若羌县
33%
新疆维吾尔自治区 39946 喀什地区 塔什库尔干塔吉克自治县
33%
新疆维吾尔自治区 257038 和田地区 于田县
33%
新疆维吾尔自治区 221454 阿勒泰地区 阿勒泰市
33%
内蒙古自治区 251806 通辽市 扎鲁特旗
22%
内蒙古自治区 162726 鄂尔多斯市 鄂托克旗
22%
内蒙古自治区 33643 锡林郭勒盟 苏尼特左旗
22%
内蒙古自治区 62402 锡林郭勒盟 苏尼特右旗
22%
内蒙古自治区 94076 锡林郭勒盟 东乌珠穆沁旗
22%
内蒙古自治区 99255 锡林郭勒盟 西乌珠穆沁旗
22%
辽宁省 540832 朝阳市 凌源市
22%
吉林省 474276 白城市 洮北区
22%
黑龙江省 414285 齐齐哈尔市 龙江县
22%
黑龙江省 130519 双鸭山市 饶河县
22%
黑龙江省 173320 伊春市 伊美区
22%
黑龙江省 82134 黑河市 逊克县
22%
安徽省 1537231 亳州市 谯城区
22%
福建省 454605 南平市 延平区
22%
福建省 841745 龙岩市 新罗区
22%
江西省 775364 上饶市 广丰区
22%
山东省 1338254 泰安市 新泰市
22%
河南省 1025543 驻马店市 驿城区
22%
湖北省 901971 黄石市 阳新县
22%
广西壮族自治区 555109 桂林市 临桂区
22%
广西壮族自治区 1390612 玉林市 博白县
22%
广西壮族自治区 435438 崇左市 江州区
22%
四川省 72698 甘孜藏族自治州 甘孜县
22%
四川省 103633 甘孜藏族自治州 石渠县
22%
贵州省 412813 黔东南苗族侗族自治州 黎平县
22%
云南省 1349795 昭通市 镇雄县
22%
西藏自治区 39309 那曲市 班戈县
22%
西藏自治区 17027 阿里地区 措勤县
22%
陕西省 535833 宝鸡市 渭滨区
22%
陕西省 618204 汉中市 汉台区
22%
陕西省 389002 榆林市 靖边县
22%
陕西省 339077 榆林市 定边县
22%
陕西省 894853 安康市 汉滨区
22%
甘肃省 129299 酒泉市 瓜州县
22%
甘肃省 546616 陇南市 武都区
22%
青海省 68759 玉树藏族自治州 杂多县
22%
青海省 34496 玉树藏族自治州 治多县
22%
青海省 90307 玉树藏族自治州 囊谦县
22%
青海省 68273 海西蒙古族藏族自治州 都兰县
22%
新疆维吾尔自治区 337188 克拉玛依市 克拉玛依区
22%
新疆维吾尔自治区 219811 昌吉回族自治州 奇台县
22%
新疆维吾尔自治区 530328 阿克苏地区 库车市
22%
新疆维吾尔自治区 571648 和田地区 墨玉县
22%
新疆维吾尔自治区 306525 伊犁哈萨克自治州 新源县
22%
新疆维吾尔自治区 99748 阿勒泰地区 富蕴县
22%
新疆维吾尔自治区 82524 阿勒泰地区 哈巴河县
22%
内蒙古自治区 277522 赤峰市 巴林左旗
11%
内蒙古自治区 186663 赤峰市 林西县
11%
内蒙古自治区 257826 巴彦淖尔市 乌拉特前旗
11%
黑龙江省 295017 佳木斯市 向阳区
11%
黑龙江省 322127 牡丹江市 宁安市
11%
四川省 76712 阿坝藏族羌族自治州 若尔盖县
11%
四川省 32916 甘孜藏族自治州 稻城县
11%
西藏自治区 33570 山南市 隆子县
11%
西藏自治区 38797 那曲市 嘉黎县
11%
西藏自治区 72618 那曲市 比如县
11%
青海省 14490 果洛藏族自治州 玛多县
11%
新疆维吾尔自治区 860800 喀什地区 莎车县
11%
新疆维吾尔自治区 366141 喀什地区 巴楚县
11%
新疆维吾尔自治区 188642 塔城地区 额敏县
11%
新疆维吾尔自治区 61785 塔城地区 和布克赛尔蒙古自治县
11%
四川省 64813 阿坝藏族羌族自治州 小金县
0%
四川省 53378 甘孜藏族自治州 道孚县
0%
西藏自治区 98677 昌都市 丁青县
0%
西藏自治区 42716 昌都市 边坝县
0%
No matching quizzes found
Score Distribution
Percent of People with Each Score
Percentile by Number Answered
Your Score History
You have not taken this quiz